000 01196cam a2200325 i 4500
001 41425
003 Mx-PuUPA
005 20250630142426.0
008 140415s2005 mx d gr 000 0 spa d
020 _a9685674086
040 _aMx-PuUPA
_bspa
_cMx-PuUPA
_dMx-PuUPA
_erda
041 0 _aspa
043 _acl-----
100 1 _aMeneses Ruiz, José Mario Tomás,
_d1945-
_917043
_eautor
245 1 0 _aPrincipios y fundamentos de desarrollo económico :
_by planeación para los países en vías de desarrollo /
_cJosé Mario Tomás Meneses Ruiz
250 _a1a edición
264 1 _aMéxico, D. F. :
_bEdiciones El Caballito,
_c2005
300 _a254 páginas :
_bgráficas ;
_c21 cm
336 _2rdacontent
_atexto
_btxt
337 _2rdamedia
_asin medio
_bn
338 _2rdacarrier
_avolumen
_bnc
650 7 _2armarc
_aPlanificación económica
_xPaíses en desarrollo
651 4 _aAmérica latina
_xDesarrollo económico
651 4 _aAmérica latina
_xPolítica económica
942 _2ddc
_cLI
_h338.98
_iM53
999 _c41425
_d41425